000 00718nam a2200217 a 4500
999 _c11592
_d11592
001 11592
003 BD-JhCC
005 20200702120652.0
008 200702b2020 bg |||| ||a| 000 0 ben d
020 _a9789845100991
035 _a(BD-JhCC)11592
040 _aBD-JhCC
_dBD-JhCC
041 _aben
082 _bSAR 2020
100 _aসরকার, স্বরোচিষ
245 _aবাংলা ভাষায় উচ্চশিক্ষা:
_cপ্রত্যাশা ও অন্তরায় /
_b স্বরোচিষ সরকার ।
260 _aঢাকা:
_bকথা প্রকাশ;
_c২০২০.
300 _a110 p. :
_c20 cm.
942 _2ddc
_cBK